| 000 | 01638nam a2200409 c 4500 | ||
|---|---|---|---|
| 999 |
_c189815 _d189815 |
||
| 003 | BLK | ||
| 005 | 20240301151543.0 | ||
| 008 | 180411b bul|||||r ||||||| ||bul|| | ||
| 010 | _aKNG00198861000 | ||
| 020 | _a978-954-09-1069-7 | ||
| 040 | _aBLK | ||
| 041 |
_aBUL _cBUL |
||
| 072 | 7 |
_2bullib _aН8400 _xБългарска поезия Н |
|
| 072 | 7 |
_2bullib _aЯ _xАвтографи |
|
| 072 | 7 |
_2bullib _aК _xКраезнание |
|
| 072 | 7 |
_2bullib _aРА _xРусенски автори |
|
| 080 |
_aБългарска литература _b821.163.2 _x-1 _z821.163.2-1 |
||
| 100 | 1 |
_aЦанева, Габриела Цанева _d1964- _gАвтор на поезия, проза и илюстрации. _9139020 |
|
| 139 |
_aЦанева, Габриела Цанева _bЦ 16 |
||
| 245 | 1 | 0 |
_aБурята сплита ръце _bСтихове _cГабриела Цанева Цанева; худож. Габриела Цанева Цанева. |
| 257 | _aBGR | ||
| 260 |
_bЗахарий Стоянов _c2016 _fСофия : Миг принт |
||
| 300 |
_a104 с. _bс ил. _c20 см |
||
| 380 | _aX | ||
| 653 | _aстихотворения | ||
| 659 | _aН | ||
| 659 | _aЯ | ||
| 700 | 1 |
_aЦанева, Габриела Цанева _d1964- _gАвтор на поезия, проза и илюстрации. _9139020 |
|
| 852 | _aЦб 283897 | ||
| 852 | _aК 821.163.2/Ц 16 Г | ||
| 856 | 4 | _qpdf | |
| 856 | 4 | _qpdf | |
| 942 |
_cKNG _n0 _s1 |
||
| 944 |
_aCR _c04.01.2017 _lГеновева Генчева _k30560 |
||
| 944 |
_aED _c12.04.2017 _lф / _kЛюдмила_Стоянова |
||
| 999 | _d189815 | ||